000 00595nam a2200193Ia 4500
005 20250508161719.0
008 008 250505s9999 xx 000 0 eng d
037 _aTextual
040 _aFEDL
_beng
_cFEDL
041 _aeng
_2eng
084 _a158, KAP
_qFEDL
100 _aKaplan Bert Ed.
_986591
245 0 _aInner World of mental illness: A series of first - person accounts of what it was like
260 _aNew York, USA
_bHarper and Row Publishers
_c1964
300 _axii,467p
650 _aApplied psychology
942 _cTEXL
_h158, KAP
999 _c1371691
_d1371691